000 00553nam a2200205Ia 4500
003 OSt
005 20230401115204.0
008 210423s1991 xx 000 0 und d
020 _a0-471-53854-X
040 _cAL
041 _aeng
082 _a541.392
_223
_bGUEU
100 _aGUENTHER (William Benton)
_981687
245 _aUnified equilibrium calculations
260 _aNew York
_bJohn Wiley & Sons
_c1991
300 _axv,313
_bHB
650 _aPhysical Chemistry
_981688
906 _acalculations ; equilibrium ; Unified
942 _2ddc
_cBK
999 _c169027
_d169027